01141 2200361 4500001002100000005001700021008004100038020002200079035002400101040001200125041001300137082001400150084001200164090001500176245018400191250001500375260002700390300003500417500004100452500006600493500001100559650001000570700002300580700002400603700002800627700001500655700002100670700001800691710002200709850001200731990001800743990001800761INLIS00000000003063620170904084402.0  a978-979-665-558-7 0010-091700000000004 aYOPDYOG1 aindhdeu042[23]a500 a500 Ber aPK 500 Ber1 aBERGEMBIRA dengan sainsc/ Hans Jurgen Press; penerjemah, R.S. Hardjapamekas, Diplom Sprachlehrer, Djadjang Madya Patriana; penyunting, Dadi Pakar, Nova Yulianawati, Yuza Terzalgi aEd. Revisi aBandungbAngkasac2013 ax, 270 hlm.b: ilus.c; 25 cm. aJudul asli: Spiel-das wissen schafft aTeks dalam bahasa indonesia, diterjemahkan dari bahasa Jerman aIndeks 4aSains1 aHardjapamekas, R.S0 aDiplom Sprachlehrer0 aDjadjang Madya Patriana0 aDadi Pakar0 aNova Yulianawati0 aYuza Terzalgi aHans Jurgen Press aYOPDYOG a56298-PD/A.17 a56297-PD/A.17